Actors and Actresses - Statistics

General Stats
  • This quiz has been taken 767 times
    722 since last reset
  • The average score is 20 of 28
Answer Stats
Hint Answer % Correct
Penélope Cruz Spain
95%
Cate Blanchett Australia
92%
Mel Gibson America
91%
Liza Minnelli America
91%
Jet Li China
91%
Sophia Loren Italy
91%
Jim Carrey Canada
90%
Robert Pattinson United Kingdom
90%
Alec Guinness United Kingdom
90%
Bruce Willis Germany
87%
Colin Farrell Ireland
87%
Eva Green France
86%
Benicio Del Toro Mexico
85%
Ken Watanabe Japan
82%
Russell Crowe New Zealand
76%
Dolph Lundgren Sweden
76%
Charlize Theron South Africa
75%
Audrey Hepburn Belgium
71%
Jean-Claude Van Damme Belgium
71%
Brigitte Nielsen Denmark
57%
Omar Sharif Egypt
56%
Natalie Portman Israel
56%
Andy Garcia Cuba
51%
Vivien Leigh India
51%
Rutger Hauer Netherlands
50%
Milla Jovovich Ukraine
50%
John Leguizamo Colombia
39%
Edward G. Robinson Romania
24%
No matching quizzes found
Score Distribution
Percent of People with Each Score
Percentile by Number Answered
Your Score History
You have not taken this quiz since the last reset